Koncepčný rámec finančného vykazovania vo väzbe na princípy vykazovania diplomová práca

Enregistré dans:
Détails bibliographiques
Auteur principal: Chovancová, Marianna
Collectivité auteur: Fakulta hospodárskej informatiky EU. Katedra účtovníctva a audítorstva
Autres auteurs: Mokošová, Daša, 1979-
Format: Livre
Langue:slovaque
Publié: Bratislava 2017
Tags: Ajouter un tag
Pas de tags, Soyez le premier à ajouter un tag!

MARC

LEADER 00000nbm a2200000 4500
001 0230968
005 20180410101221.4
041 0 |a slo 
044 |a SK 
245 1 0 |a Koncepčný rámec finančného vykazovania vo väzbe na princípy vykazovania  |b diplomová práca  |c Marianna Chovancová ; školiteľ: Daša Mokošová 
264 1 |a Bratislava  |c 2017 
300 |a 70 s. 
100 1 |a Chovancová, Marianna 
700 1 |a Mokošová, Daša, 1979- 
710 2 |a Fakulta hospodárskej informatiky EU. Katedra účtovníctva a audítorstva